| 000 -LEADER |
| fixed length control field |
00778cam a2200217 a 4500 |
| 001 - CONTROL NUMBER |
| control field |
4364084 |
| 005 - DATE AND TIME OF LATEST TRANSACTION |
| control field |
20180312055329.0 |
| 008 - FIXED-LENGTH DATA ELEMENTS--GENERAL INFORMATION |
| fixed length control field |
900110s1990 caua 001 0 eng |
| 010 ## - LIBRARY OF CONGRESS CONTROL NUMBER |
| LC control number |
90080073 |
| 020 ## - INTERNATIONAL STANDARD BOOK NUMBER |
| International Standard Book Number |
0897212177 |
| 040 ## - CATALOGING SOURCE |
| Original cataloging agency |
DLC |
| Transcribing agency |
DLC |
| 041 ## - LANGUAGE CODE |
| Language code of text/sound track or separate title |
eng |
| 080 ## - UNIVERSAL DECIMAL CLASSIFICATION NUMBER |
| Universal Decimal Classification number |
635.933372 RAX |
| 082 00 - DEWEY DECIMAL CLASSIFICATION NUMBER |
| Classification number |
635.933372 RAX |
| Edition number |
20 |
| 100 1# - Rafti |
| Rafti |
9. |
| 101 ## - Shkurtesa |
| Shkurtesa |
MJE |
| 245 10 - TITLE STATEMENT |
| Title |
All about roses / |
| Statement of responsibility, etc |
created and designed by the editorial staff of Ortho Books ; project editor, Susan Lang ; writers, Rex Wolfe [sic], James McNair ; illustrator, Ron Hildebrand. |
| 906 ## - LOCAL DATA ELEMENT F, LDF (RLIN) |
| a |
7 |
| b |
cbc |
| c |
orignew |
| d |
2 |
| e |
opcn |
| f |
19 |
| g |
y-gencatlg |
| 942 ## - ADDED ENTRY ELEMENTS (KOHA) |
| Source of classification or shelving scheme |
|
| Item type |
Books |